| 000 | 00690nam a2200205 4500 | ||
|---|---|---|---|
| 001 | 112645 | ||
| 003 | ES-MaACL | ||
| 005 | 20250826151342.0 | ||
| 007 | t| | ||
| 008 | 061121s1965 sp r ||||1| spa d | ||
| 100 | 1 |
_aNieto Boque, Miguel. _985677 |
|
| 245 | 1 | 0 |
_aVida humana y espacio _b: medicina aeroespacial / _cMiguel Nieto Boque ; presentación Hermann Oberlt ; prefacio Arturo Fernández Cruz. |
| 250 | _a1ª. ed. | ||
| 260 |
_aBarcelona : _bJims M. Pareja, _c1965. |
||
| 300 |
_aXXXII, 772 p. : _bil. ; _c23 cm. |
||
| 700 | 1 |
_aOberlt, Hermann. _986394 |
|
| 700 | 1 |
_aFernández-Cruz, A., _d1910-1981 _949607 |
|
| 852 |
_aES-MaACL _jC-28582 _bR.57859 |
||
| 999 |
_c112645 _d112645 |
||